|
|
|
|
| LEADER |
01081nam a2200241 a 4500 |
| 001 |
c000120270 |
| 003 |
CARM |
| 005 |
20010814170253.0 |
| 008 |
010509s1967 ur b 000 0 rusod |
| 019 |
1 |
|
|a 22668774
|5 LACONCORD2021
|
| 035 |
|
|
|a (OCoLC)92087651
|5 LACONCORD2021
|
| 040 |
|
|
|a VU
|b eng
|c VU
|
| 100 |
1 |
|
|a Kovalev, V. A.
|q (Valentin Arkhipovich)
|
| 245 |
1 |
0 |
|a Sovetskaia literatura i novyi chelovek /
|c sbornik statei pod redaktsiei V.A. Kovaleva i V.V. Timofeevoi.
|
| 260 |
|
|
|a Leningrad :
|b Izd-vo Nauka Leningradskoe otdelenie,
|c 1967.
|
| 300 |
|
|
|a 374 p. ;
|c 23 cm.
|
| 500 |
|
|
|a At head of title: Adademiia Nauk SSSR. Institut russkoi literatury (Pushkinskii dom)
|
| 504 |
|
|
|a Includes bibliographical references.
|
| 650 |
|
0 |
|a Russian literature
|y 20th century
|x History and criticism.
|
| 700 |
1 |
|
|a Timofeeva, V. V.
|q (Vera Vasilevna)
|
| 852 |
8 |
|
|b CARM
|h A2:AI28B0
|i B04466
|p 0202280
|f BK
|
| 999 |
f |
f |
|i fd6fb62a-c5e7-5aaa-b87c-9b3e1930941b
|s fd761cd6-a043-5d95-abc4-0efd3da283d7
|
| 952 |
f |
f |
|p Can circulate
|a CAVAL
|b CAVAL
|c CAVAL
|d CARM 1 Store
|e B04466
|f A2:AI28B0
|h Other scheme
|i book
|m 0202280
|